000 00607cam a2200205 4500500
005 20260405003028.0
041 _afre
042 _adc
100 1 0 _aPortevin, Catherine
_eauthor
245 0 0 _aLa Pensée et le Mouvant. Introduction
260 _c2020.
500 _a39
690 _aBergson
690 _aCaterina Zanfi
690 _aFrédéric Worms
690 _aMouvement
690 _aTemps
786 0 _nPhilosophie magazine | 136 | 2 | 2020-02-01 | p. 64-64 | 1951-1787
856 4 1 _uhttps://shs.cairn.info/magazine-philosophie-magazine-2020-2-page-64?lang=fr&redirect-ssocas=7080
999 _c2063697
_d2063697